[Event "Chioggia op-B 12th"]
[Site "Chioggia"]
[Date "2017.10.08"]
[Round "5"]
[White "Gurschler, Gregor"]
[Black "Zanirato, Stefano"]
[Result "1-0"]
[WhiteElo "1808"]
[BlackElo "1887"]
[PlyCount "83"]
[EventDate "2017.10.06"]
[EventType "swiss"]
[EventRounds "5"]
[EventCountry "ITA"]
[SourceTitle "EXT 2022"]
[Source "ChessBase"]
[SourceDate "2021.10.06"]
[SourceVersion "1"]
[SourceVersionDate "2021.10.06"]
[SourceQuality "1"]

1. e4 Nc6 2. Nf3 Nf6 3. e5 Ng8 4. d4 d5 5. exd6 Qxd6 6. h3 Bf5 7. c3 0-0-0 8. Be2 f6 9. Na3 e5 10. dxe5 Qxd1+ 11. Bxd1 fxe5 12. Nc4 Bd3 13. Be2 e4 14. Nfe5 Nf6 15. Nf7 Bc5 16. Nxh8 Rxh8 17. Bxd3 exd3 18. Be3 Re8 19. 0-0-0 Bxe3+ 20. Nxe3 Ne4 21. Rhf1 Rd8 22. f3 Ng3 23. Rf2 Ne2+ 24. Kd2 h5 25. Nf5 g6 26. Nd4 Nexd4 27. cxd4 Nxd4 28. Kxd3 Nxf3+ 29. Kc2 Nd4+ 30. Kc1 Rd6 31. Re1 Nf5 32. Rd2 Nd4 33. Re4 c5 34. b4 b6 35. bxc5 bxc5 36. Re5 Rc6 37. Re7 Rc7 38. Rxc7+ Kxc7 39. Rf2 g5 40. Rf6 Ne2+ 41. Kd2 Nf4 42. Rf5 1-0

[Event "Chioggia op-B 12th"]
[Site "Chioggia"]
[Date "2017.10.07"]
[Round "2"]
[White "Gurschler, Gregor"]
[Black "Improta, Giovanni"]
[Result "1-0"]
[WhiteElo "1808"]
[BlackElo "1598"]
[PlyCount "149"]
[EventDate "2017.10.06"]
[EventType "swiss"]
[EventRounds "5"]
[EventCountry "ITA"]
[SourceTitle "EXT 2022"]
[Source "ChessBase"]
[SourceDate "2021.10.06"]
[SourceVersion "1"]
[SourceVersionDate "2021.10.06"]
[SourceQuality "1"]

1. e4 c6 2. d3 d5 3. Nd2 dxe4 4. dxe4 e5 5. Ngf3 f6 6. Bc4 Bg4 7. h3 Bh5 8. c3 b5 9. Bb3 Na6 10. Qe2 Nc5 11. Bc2 Ne6 12. g3 a5 13. a4 b4 14. Nc4 Qc7 15. Bd2 Rd8 16. Be3 Bc5 17. Bxc5 Nxc5 18. Qe3 Bxf3 19. Qxf3 b3 20. Bb1 Qd7 21. 0-0 Nh6 22. Kg2 0-0 23. Qe3 Qe7 24. Nxa5 Rc8 25. Ra3 f5 26. Nxb3 Nxb3 27. Rxb3 f4 28. Qd3 fxg3 29. fxg3 Rxf1 30. Qxf1 Qc5 31. Rb7 Kh8 32. Qf2 Qd6 33. Qe2 Rf8 34. a5 Nf7 35. Ba2 Nd8 36. Rb4 Ne6 37. Bxe6 Qxe6 38. a6 c5 39. Ra4 Qb3 40. Ra3 Qb6 41. a7 Ra8 42. Qf2 Qb7 43. Ra4 h6 44. h4 Rxa7 45. Rxa7 Qxa7 46. Qf8+ Kh7 47. Qf5+ Kh8 48. Qxe5 Qb6 49. c4 Qb4 50. Qc3 Qb7 51. Qc2 Kg8 52. Qe2 Kf7 53. Qf3+ Ke7 54. b3 Qb4 55. e5 Qd2+ 56. Qf2 Qb4 57. Qe3 Qa3 58. Qd3 Qb2+ 59. Kf3 Qxe5 60. Qe4 Kf6 61. g4 Qc3+ 62. Qe3 Qxe3+ 63. Kxe3 Ke5 64. h5 Kf6 65. Kf4 g5+ 66. Ke4 Ke6 67. Kd3 Ke5 68. Kc3 Kf4 69. b4 cxb4+ 70. Kxb4 Kxg4 71. c5 Kf5 72. Kb5 Ke6 73. Kb6 g4 74. c6 g3 75. c7 1-0

[Event "Caldaro Puntay op-A 1st"]
[Site "Caldaro"]
[Date "2016.10.22"]
[Round "2"]
[White "Paltrinieri, Nicholas"]
[Black "Gurschler, Gregor"]
[Result "1-0"]
[WhiteElo "2235"]
[BlackElo "1877"]
[PlyCount "77"]
[EventDate "2016.10.21"]
[EventType "swiss"]
[EventRounds "5"]
[EventCountry "ITA"]
[SourceTitle "EXT 2018"]
[Source "ChessBase"]
[SourceDate "2017.10.13"]
[SourceVersion "1"]
[SourceVersionDate "2017.10.13"]
[SourceQuality "1"]

1. d4 d6 2. c4 e5 3. Nf3 e4 4. Nfd2 f5 5. e3 Nf6 6. Nc3 Be7 7. f3 exf3 8. Qxf3 c6 9. Bd3 g6 10. e4 fxe4 11. Ndxe4 0-0 12. 0-0 Nxe4 13. Qxe4 Rxf1+ 14. Bxf1 Bf5 15. Qf3 Nd7 16. Bf4 Nf6 17. h3 Qf8 18. g4 Bd7 19. Re1 Ne8 20. Qg3 Bf6 21. Rd1 a6 22. a4 Bh4 23. Qh2 Qe7 24. a5 Rd8 25. Rd3 Qf6 26. Ne4 Qf7 27. b3 d5 28. Nc5 Bc8 29. Re3 Bf6 30. Be5 Bg5 31. Rc3 Be7 32. cxd5 cxd5 33. Qe2 Bd6 34. Bg2 Nc7 35. Bxd6 Rxd6 36. Qe5 Rf6 37. Nxa6 Re6 38. Qxc7 Re8 39. Qxc8 1-0

[Event "Caldaro Puntay op-A 1st"]
[Site "Caldaro"]
[Date "2016.10.21"]
[Round "1"]
[White "Gurschler, Gregor"]
[Black "Tirelli, Mauro"]
[Result "1/2-1/2"]
[WhiteElo "1877"]
[BlackElo "2144"]
[PlyCount "24"]
[EventDate "2016.10.21"]
[EventType "swiss"]
[EventRounds "5"]
[EventCountry "ITA"]
[SourceTitle "EXT 2018"]
[Source "ChessBase"]
[SourceDate "2017.10.13"]
[SourceVersion "1"]
[SourceVersionDate "2017.10.13"]
[SourceQuality "1"]

1. e4 c5 2. Nc3 Nc6 3. g3 e6 4. f4 d5 5. d3 d4 6. Nce2 e5 7. Nf3 Bd6 8. Bg2 Nge7 9. f5 f6 10. 0-0 Bd7 11. g4 h6 12. Ng3 b5 1/2-1/2

[Event "Chioggia op-A 10th"]
[Site "Chioggia"]
[Date "2015.10.11"]
[Round "5"]
[White "Gurschler, Gregor"]
[Black "Renier, Renzo"]
[Result "1/2-1/2"]
[WhiteElo "1872"]
[BlackElo "1966"]
[PlyCount "116"]
[EventDate "2015.10.09"]
[EventType "swiss"]
[EventRounds "5"]
[EventCountry "ITA"]
[SourceTitle "EXT 2022"]
[Source "ChessBase"]
[SourceDate "2021.10.06"]
[SourceVersion "1"]
[SourceVersionDate "2021.10.06"]
[SourceQuality "1"]

1. e4 e5 2. Nf3 Nc6 3. Bc4 Bc5 4. c3 Nf6 5. d3 d6 6. Nbd2 0-0 7. Bb3 Be6 8. Bc2 Ng4 9. 0-0 f5 10. exf5 Bxf5 11. Ne4 Bxe4 12. dxe4 Kh8 13. h3 Nf6 14. Qe2 Qe8 15. Be3 Bxe3 16. Qxe3 Nh5 17. g3 Qd7 18. Kh2 Rf6 19. Nh4 Raf8 20. Bd1 g6 21. Bxh5 gxh5 22. b3 Ne7 23. Rad1 Qe6 24. Rde1 Qf7 25. Re2 Ng6 26. Nxg6+ Qxg6 27. f3 h4 28. Rg2 Rg8 29. Rfg1 Qh5 30. g4 Qf7 31. Rf1 Rf4 32. Rgf2 Rf8 33. Qxa7 b6 34. Qb7 Qg7 35. Qd5 R4f7 36. Qd2 h5 37. Qe3 Rf4 38. Rg1 Qf6 39. Rgf1 hxg4 40. hxg4 Qg5 41. Rg1 R8f7 42. Kh3 Qf6 43. Rgf1 d5 44. exd5 e4 45. Qd4 Qxd4 46. cxd4 exf3 47. Kxh4 Rg7 48. Rxf3 Rgxg4+ 49. Kh3 Rh4+ 50. Kg3 Rfg4+ 51. Kf2 Rxd4 52. Rf5 Kg7 53. Rc1 Kg6 54. Re5 Kf6 55. Re6+ Kf5 56. Rxc7 Rxd5 57. Rxb6 Rf4+ 58. Kg3 Rg4+ 1/2-1/2

[Event "Chioggia op-A 10th"]
[Site "Chioggia"]
[Date "2015.10.10"]
[Round "3"]
[White "Gurschler, Gregor"]
[Black "Gregori, Giacomo"]
[Result "0-1"]
[WhiteElo "1872"]
[BlackElo "2108"]
[PlyCount "87"]
[EventDate "2015.10.09"]
[EventType "swiss"]
[EventRounds "5"]
[EventCountry "ITA"]
[SourceTitle "EXT 2022"]
[Source "ChessBase"]
[SourceDate "2021.10.06"]
[SourceVersion "1"]
[SourceVersionDate "2021.10.06"]
[SourceQuality "1"]

1. e4 d6 2. d4 Nf6 3. Nc3 c6 4. Nf3 Bg4 5. Be2 e6 6. 0-0 d5 7. Ne5 Bxe2 8. Qxe2 dxe4 9. Nxe4 Nxe4 10. Qxe4 Nd7 11. c4 Nf6 12. Qe3 Be7 13. b3 0-0 14. Bb2 Qc7 15. Rfd1 Rfd8 16. h3 Rac8 17. Rd3 b5 18. Re1 Bf8 19. Qg5 h6 20. Qh4 Nd7 21. Rg3 Nxe5 22. dxe5 Kh7 23. Qe4+ g6 24. cxb5 cxb5 25. Rc1 Qd7 26. Rxc8 Qxc8 27. Rf3 Rd7 28. Rc3 Rd1+ 29. Kh2 Qd7 30. Rf3 Kg8 31. a4 Rd5 32. Bc3 Bg7 33. Re3 Kh7 34. Qb4 a6 35. Qe4 Qc7 36. f4 Qd7 37. h4 h5 38. axb5 axb5 39. Bb4 Rd4 40. Qf3 Rxb4 41. g4 hxg4 42. Qxg4 Qd2+ 43. Qe2 Qxe2+ 44. Rxe2 0-1

[Event "Zuerich op 37th"]
[Site "Zuerich"]
[Date "2013.12.27"]
[Round "3"]
[White "Gurschler, Gregor"]
[Black "Bodmer, Marcel"]
[Result "0-1"]
[WhiteElo "1913"]
[BlackElo "1955"]
[PlyCount "108"]
[EventDate "2013.12.26"]
[EventType "swiss"]
[EventRounds "7"]
[EventCountry "SUI"]
[SourceTitle "CBM 158 Extra"]
[Source "ChessBase"]
[SourceDate "2014.02.28"]
[SourceVersion "1"]
[SourceVersionDate "2014.02.28"]
[SourceQuality "1"]

1. e4 c5 2. Nf3 g6 3. d3 Bg7 4. g3 Nc6 5. c3 Nf6 6. Bg2 d6 7. 0-0 0-0 8. Re1 Qc7 9. a3 Rd8 10. Qe2 Ng4 11. h3 Nge5 12. Nh4 Na5 13. Qc2 Be6 14. Nd2 c4 15. dxc4 Nexc4 16. Nhf3 Nxd2 17. Bxd2 Nb3 18. Rad1 Rac8 19. Be3 Na5 20. Nd4 Bd7 21. Bf1 a6 22. Bg5 Re8 23. Qd2 Nc4 24. Bxc4 Qxc4 25. g4 Rc7 26. Bh6 Bf6 27. Bg5 Bh8 28. Re3 Bxd4 29. Qxd4 Qxd4 30. Rxd4 f6 31. Bh4 g5 32. Bg3 Be6 33. f3 b5 34. Re1 a5 35. Bf2 a4 36. Rd2 Kf7 37. Bb6 Rb7 38. Be3 Rh8 39. Kg2 h5 40. Bf2 Rbb8 41. Rh1 Rh7 42. Rdd1 Bb3 43. Rde1 Rbh8 44. Bd4 e5 45. Bb6 d5 46. Bf2 Ke6 47. Kg3 hxg4 48. Kxg4 dxe4 49. fxe4 Bc2 50. Kg3 Rh4 51. Re2 Bxe4 52. Rh2 f5 53. Bc5 g4 54. Rd2 f4+ 0-1

[Event "Giovanni Pico Cup 5th"]
[Site "Mirandola"]
[Date "2012.01.14"]
[Round "2"]
[White "Gurschler, Gregor"]
[Black "Gulinelli, Euro"]
[Result "1-0"]
[WhiteElo "1937"]
[BlackElo "1635"]
[PlyCount "97"]
[EventDate "2012.01.13"]
[EventType "swiss"]
[EventRounds "5"]
[EventCountry "ITA"]
[SourceTitle "EXT 2023"]
[Source "ChessBase"]
[SourceDate "2022.10.05"]
[SourceVersion "1"]
[SourceVersionDate "2022.10.05"]
[SourceQuality "1"]

1. Nf3 Nf6 2. g3 g6 3. Bg2 Bg7 4. 0-0 0-0 5. d3 d5 6. c3 Nbd7 7. Nbd2 c5 8. e4 dxe4 9. Nxe4 Nxe4 10. dxe4 e5 11. Bg5 Qc7 12. Qd2 Nf6 13. Rfe1 Rd8 14. Qe2 Be6 15. h3 Rd7 16. c4 Rad8 17. b3 h6 18. Bc1 g5 19. g4 Rd3 20. Bb2 Ne8 21. Red1 Rxd1+ 22. Rxd1 f6 23. Rxd8 Qxd8 24. Nd2 Nc7 25. Nb1 Bf7 26. Nc3 Ne6 27. Nd5 Nd4 28. Bxd4 exd4 29. Qd3 b6 30. a3 Bxd5 31. exd5 Qd6 32. Bf1 Qe5 33. Qg6 Qe1 34. Kg2 Qe7 35. Bd3 a6 36. Qf5 a5 37. Qc8+ Bf8 38. Qc6 Qd6 39. Qb7 Be7 40. Qc8+ Bf8 41. Qf5 Bg7 42. a4 Qe7 43. Qh7+ Kf8 44. Bf5 Qe5 45. Be6 Qe2 46. Qg8+ Ke7 47. Qxg7+ Kd6 48. Qd7+ Ke5 49. Qc7+ 1-0

[Event "Mirandola Giovanni Pico op 4th"]
[Site "Mirandola"]
[Date "2011.01.14"]
[Round "1"]
[White "Gurschler, Gregor"]
[Black "Bertolazzi, Andrea"]
[Result "1-0"]
[WhiteElo "1930"]
[BlackElo "1604"]
[PlyCount "47"]
[EventDate "2011.01.14"]
[EventType "swiss"]
[EventRounds "5"]
[EventCountry "ITA"]
[SourceTitle "EXT 2012"]
[Source "ChessBase"]
[SourceDate "2011.11.24"]
[SourceVersion "1"]
[SourceVersionDate "2011.11.24"]
[SourceQuality "1"]

1. e4 d5 2. exd5 Qxd5 3. Nf3 Bg4 4. Be2 Nf6 5. 0-0 Nbd7 6. Nc3 Qa5 7. d4 c6 8. Ne5 Nxe5 9. dxe5 Bxe2 10. Qxe2 Nd5 11. Nxd5 Qxd5 12. Rd1 Qa5 13. e6 fxe6 14. Qxe6 Rd8 15. Be3 Qc7 16. Rxd8+ Qxd8 17. Bxa7 Qd7 18. Qe2 g6 19. Rd1 Qf5 20. Bd4 Rg8 21. Bb6 Kf7 22. Rd3 Qb5 23. Rf3+ Ke8 24. Qe6 1-0